[Event "VIE-ch U09 Girls"]
[Site "Ho Chi Minh City"]
[Date "2014.07.15"]
[Round "4"]
[White "Dang, Thi Van Khanh"]
[Black "Truong, Khanh An"]
[Result "1/2-1/2"]
[WhiteElo "1584"]
[BlackElo "1608"]
[PlyCount "79"]
[EventDate "2014.07.13"]
[EventType "swiss"]
[EventRounds "9"]
[EventCountry "VIE"]
[SourceTitle "EXT 2016"]
[Source "ChessBase"]
[SourceDate "2015.10.08"]
[SourceVersion "1"]
[SourceVersionDate "2015.10.08"]
[SourceQuality "1"]

1. e4 d5 2. exd5 Qxd5 3. Nc3 Qa5 4. Nf3 Nf6 5. Be2 Bg4 6. 0-0 e6 7. a3 Nbd7 8. d4 Bd6 9. Bd2 Qh5 10. h3 0-0-0 11. Ne1 Bxe2 12. Qxe2 Qg6 13. Rc1 a5 14. Nb5 Nb6 15. Na7+ Kb8 16. Nb5 Qf5 17. Nc3 Be7 18. Be3 g5 19. Qd3 Qxd3 20. Nxd3 Nfd5 21. Ne2 Nxe3 22. fxe3 f5 23. g3 Nc4 24. Ne5 Nxe5 25. dxe5 Rd5 26. Rfd1 Rxe5 27. Rd3 Rd8 28. Rcd1 Rxd3 29. Rxd3 Bc5 30. Rd8+ Ka7 31. Rg8 Rxe3 32. Kf1 Be7 33. Kf2 Re5 34. Rg7 Bd8 35. Rd7 Rd5 36. Rxh7 Rd2 37. Rh5 Rxc2 38. b3 Ra2 39. a4 Ra3 40. Rh7 1/2-1/2

[Event "VIE-ch U09 Girls"]
[Site "Ho Chi Minh City"]
[Date "2014.07.13"]
[Round "2"]
[White "Nguyen, Phuong Ngan"]
[Black "Truong, Khanh An"]
[Result "0-1"]
[WhiteElo "1578"]
[BlackElo "1608"]
[PlyCount "116"]
[EventDate "2014.07.13"]
[EventType "swiss"]
[EventRounds "9"]
[EventCountry "VIE"]
[SourceTitle "EXT 2016"]
[Source "ChessBase"]
[SourceDate "2015.10.08"]
[SourceVersion "1"]
[SourceVersionDate "2015.10.08"]
[SourceQuality "1"]

1. e4 d5 2. exd5 Qxd5 3. Nc3 Qa5 4. Bc4 Nf6 5. d4 c6 6. Bd2 Qc7 7. Nf3 Bg4 8. Kf1 e6 9. Qe2 Bd6 10. d5 Bxf3 11. Qxf3 cxd5 12. Bb3 Nc6 13. Nb5 Qd7 14. Bg5 Ne5 15. Nxd6+ Qxd6 16. Qg3 0-0-0 17. Qc3+ Kb8 18. Bf4 Qa6+ 19. Ke1 Nfd7 20. Bxe5+ Ka8 21. Bxg7 Rhg8 22. Bf6 Rc8 23. Qd4 Rxg2 24. Be5 Qa5+ 25. c3 Nxe5 26. Qxe5 Qb6 27. Qf4 Qc5 28. Qf3 Rcg8 29. Kd2 Rxf2+ 30. Qxf2 Qxf2+ 31. Kd3 Qxb2 32. Rhg1 Rc8 33. Rac1 a5 34. a4 Qxb3 35. Rc2 Qxa4 36. Rgc1 Qc4+ 37. Kd2 Qf4+ 38. Kd3 Qf3+ 39. Kd2 e5 40. c4 dxc4 41. Rxc4 Qf2+ 42. Kd3 Rxc4 43. Rxc4 Qxh2 44. Rc8+ Ka7 45. Ke4 Qf4+ 46. Kd5 e4 47. Re8 f5 48. Re5 a4 49. Kd6 a3 50. Ke6 a2 51. Ra5+ Kb6 52. Rxa2 e3 53. Rb2+ Kc5 54. Rc2+ Kd4 55. Rb2 Qe5+ 56. Kf7 e2 57. Rd2+ Kc3 58. Rxe2 Qxe2 0-1

[Event "VIE-ch U09 Girls"]
[Site "Ho Chi Minh City"]
[Date "2014.07.13"]
[Round "1"]
[White "Truong, Khanh An"]
[Black "Nguyen, Thien Ngan"]
[Result "0-1"]
[WhiteElo "1608"]
[BlackElo "1576"]
[PlyCount "70"]
[EventDate "2014.07.13"]
[EventType "swiss"]
[EventRounds "9"]
[EventCountry "VIE"]
[SourceTitle "EXT 2016"]
[Source "ChessBase"]
[SourceDate "2015.10.08"]
[SourceVersion "1"]
[SourceVersionDate "2015.10.08"]
[SourceQuality "1"]

1. d4 d5 2. e3 Bf5 3. f4 Nf6 4. Bd3 Be4 5. Bxe4 Nxe4 6. Nf3 e6 7. 0-0 Be7 8. Nbd2 f5 9. Ne5 0-0 10. Rf3 Nd7 11. Nxe4 Nxe5 12. fxe5 fxe4 13. Rg3 Bh4 14. Rh3 Bf2+ 15. Kh1 Rf5 16. b3 Qg5 17. Qe2 Raf8 18. Ba3 R8f7 19. Qb5 c6 20. Qe2 a5 21. Bd6 h6 22. g4 Rf3 23. Rxf3 Rxf3 24. Rf1 Qxe3 25. Qxe3 Bxe3 26. Rd1 Rf2 27. c4 Rxa2 28. cxd5 cxd5 29. Re1 Bxd4 30. Rc1 Ra1 31. Rxa1 Bxa1 32. Kg2 b5 33. Kf2 a4 34. bxa4 bxa4 35. Ke2 Bb2 0-1